[Event "UKR-ch Women Final 2018"]
[Site "Kiev"]
[Date "2018.12.20"]
[Round "9"]
[White "Babiy, Olga"]
[Black "Buksa, Nataliya"]
[Result "0-1"]
[WhiteElo "2275"]
[BlackElo "2410"]
[Annotator "TA"]
[PlyCount "66"]
[EventDate "2018.12.11"]
[EventType "tourn"]
[EventCountry "UKR"]
[SourceTitle "playchess.com"]
[Source "ChessBase"]
[SourceQuality "1"]

{[%evp 9,66,-4,81,44,53,24,9,14,194,189,175,182,185,183,183,177,216,182,177,178,172,177,218,208,203,156,156,164,142,0,0,0,134,0,0,-385,-391,-942,-931,-1069,-768,-981,-1032,-1011,-1027,-1479,-2068,-1834,-1815,-1815,-1827,-1578,-1538,-5476,-5465,-5013,-1169,-1058,-845]} 1. e4 e5 2. Nf3 Nc6 3. Bc4 Bc5 4. c3 Nf6 5. b4 Bd6 (5... Be7 $11 {keeps the balance.}) (5... Bb6 6. d3 d6 7. a4 a5 8. b5 Ne7 9. Nbd2 Ng6 10. O-O O-O 11. Bb3 c6 12. Nc4 Bc7 13. Re1 h6 14. d4 Be6 15. Ba3 Bxc4 16. Bxc4 Re8 17. Bb3 d5 18. exd5 cxd5 19. dxe5 Nxe5 {0-1 (43) Caruana,F (2823)-Nakamura,H (2779) Saint Louis 2016}) 6. d3 {C54: Giuoco Piano: 4 c3 Nf6, main lines with 5 d4 and 5 d3} Ne7 7. Ng5 O-O 8. f4 $146 {The position is equal.} ({Predecessor:} 8. O-O c6 9. Nf3 b5 10. Bb3 a5 11. a3 axb4 12. cxb4 Ng6 13. Bd2 {1-0 (24) Fernandez Garcia,J (1616)-Palomero Galvez,A (1591) Barcelona 2016}) 8... b5 $2 (8... exf4 $11 9. d4 Ng6) 9. Nxf7 $18 (9. Bxb5 exf4 10. Bc4 h6 $11) 9... Rxf7 10. Bxf7+ Kxf7 11. fxe5 Bxe5 {[#]} 12. d4 $1 {[%cal Rd4e5]} Nxe4 {aiming for ...Bf6.} 13. dxe5 Bb7 14. O-O+ Kg8 15. Qd3 a6 16. a4 (16. Qf3 Qe8 $14) 16... bxa4 17. Rxa4 Ng6 18. Ra5 c5 19. Bf4 (19. Qe3 $16) 19... Nxf4 $11 20. Rxf4 Qg5 (20... cxb4 $11 21. Rd5 (21. Rxe4 Qxa5 22. Rxb4 Bc6 $17) (21. cxb4 Qb6+ {[%mdl 64] Double Attack} 22. Kf1 Qxb4 $17) (21. Qc4+ Kh8 $11) 21... Qb6+ 22. Qd4 Qxd4+ 23. Rxd4 bxc3) 21. g3 ({Much worse is} 21. Rxe4 $6 Bxe4 22. Qxe4 Qc1+ 23. Kf2 Rf8+ 24. Kg3 Qg5+ 25. Kh3 Qh5+ 26. Qh4 Qf5+ 27. Qg4 Qd3+ 28. Qg3 Qf5+ 29. Qg4 Qd3+ 30. Qg3 Qf5+ 31. Qg4 $11) ({White should try} 21. Qe3 $16 Qg6 22. Ra2) 21... Qxe5 $40 {[%mdl 128] Black is up to no good.} 22. Qxd7 $2 {[%mdl 8192]} (22. Qc4+ $11 d5 23. Rxe4 Qxe4 24. Qxe4 dxe4 25. Rxc5) 22... Nd6 $19 {[#] ( -> ...Qe1+)} 23. Ra2 $2 (23. Qg4 Qd5 24. Qf3 Qxf3 25. Rxf3 Bxf3 26. Nd2) 23... Qd5 {Black is clearly winning.} 24. Rd2 Qh1+ 25. Kf2 Re8 26. Qxe8+ Nxe8 27. Rd8 Qxh2+ 28. Kf1 Qg2+ 29. Ke1 Qxg3+ 30. Rf2 Bc6 31. Nd2 Qxc3 32. bxc5 Qxc5 {...Qe7+ is the strong threat.} 33. Re2 h5 {Accuracy: White = 34%, Black = 53%.} 0-1

[Event "UKR-ch Women Final 2018"]
[Site "Kiev"]
[Date "2018.12.20"]
[Round "9"]
[White "Rakhmangulova, Anastasiya"]
[Black "Martynkova, Olena"]
[Result "1-0"]
[WhiteElo "2233"]
[BlackElo "2173"]
[Annotator "NA"]
[PlyCount "187"]
[EventDate "2018.12.11"]
[EventType "tourn"]
[EventCountry "UKR"]
[SourceTitle "playchess.com"]
[Source "ChessBase"]
[SourceQuality "1"]
[TimeControl "40/5400+30:1800+30"]

1. e4 {[%emt 0:00:00]} c5 {[%emt 0:00:00]} 2. Nf3 {[%emt 0:00:00]} e6 {[%emt 0:00:08]} 3. d4 {[%emt 0:00:00]} cxd4 {[%emt 0:00:18]} 4. Nxd4 {[%emt 0:00:00]} Nc6 {[%emt 0:00:15]} 5. Nc3 {[%emt 0:00:00]} Qc7 {[%emt 0:00:35]} 6. Be3 {[%emt 0:00:00]} a6 {[%emt 0:04:41]} 7. Be2 {[%emt 0:00:01]} b5 {[%emt 0:14:02]} 8. Nxc6 {[%emt 0:01:49]} dxc6 {[%emt 0:04:25]} 9. O-O {[%emt 0:02:15]} Nf6 {[%emt 0:05:31]} 10. f4 {[%emt 0:12:12]} Be7 {[%emt 0:03:33] B49: Sicilian: Taimanov: 5 Nc3 Qc7 6 Be3 a6 7 Be2} 11. e5 {[%emt 0:07:40]} Nd5 {[%emt 0:01:10]} 12. Nxd5 {[%emt 0:01:03]} cxd5 {[%emt 0:00:13] LiveBook: 13 Games} 13. Qd4 $146 {[%emt 0:00:41]} ({Predecessor:} 13. c3 Bd7 14. a3 Rc8 15. Bd4 Bc5 16. Qd2 Bxd4+ 17. cxd4 Qc2 18. Rfd1 Qxd2 19. Rxd2 {½-½ (30) Sokolov,A (2516)-Charnushevich,A (2477) Switzerland 2017}) 13... O-O {[%emt 0:06:55]} 14. Bd3 {[%emt 0:09:04]} Bd7 {[%emt 0:06:39]} 15. b4 {[%emt 0:03:56]} a5 {[%emt 0:18:13]} 16. a3 {[%emt 0:05:16]} Rfc8 {[%emt 0:03:03]} 17. Rfb1 {[%emt 0:06:47]} Qb7 {[%emt 0:08:38]} 18. Rb3 {[%emt 0:10:07]} Ra6 {[%emt 0:15:28]} 19. Qb2 {[%emt 0:08:50]} axb4 {[%emt 0:08:10]} 20. axb4 {[%emt 0:00:05]} Ra4 {[%emt 0:00:18]} 21. c3 {[%emt 0:10:40]} Bd8 {[%emt 0:03:10]} 22. Rba3 {[%emt 0:07:18]} Bb6 {[%emt 0:00:41]} 23. Qf2 {[%emt 0:00:11]} (23. Bxb6 $11 Qxb6+ 24. Qf2) 23... Bxe3 {[%emt 0:03:06]} (23... Rxc3 $5 24. Rxa4 bxa4 25. Bxh7+ Kxh7 26. Bxb6 Kg8 $15) 24. Qxe3 {[%emt 0:00:02]} Rca8 {[%emt 0:00:44]} 25. Rxa4 {[%emt 0:00:50]} bxa4 {[%emt 0:00:34]} 26. Ra3 {[%emt 0:03:15]} Bb5 {[%emt 0:00:33]} 27. Kf2 {[%emt 0:01:21]} g6 {[%emt 0:00:32]} 28. Qd4 {[%emt 0:01:09]} (28. Bc2 $15) 28... Bxd3 {[%emt 0:00:25]} 29. Qxd3 {[%emt 0:00:02]} Qb6+ {[%emt 0:00:34]} 30. Qe3 $11 {[%emt 0:01:38] was the only way to keep the balance.} Qb5 {[%emt 0:00:14]} (30... Qb7 31. g3) 31. Qe2 {[%emt 0:03:23]} Qb6+ {[%emt 0:00:20]} (31... Qd7 $17) 32. Kg3 {[%emt 0:00:34]} h5 {[%emt 0:01:08]} 33. Qf2 {[%emt 0:04:01]} Qb5 {[%emt 0:00:11]} 34. Qe3 {[%emt 0:01:03]} Qf1 {[%emt 0:00:53]} 35. Qd2 {[%emt 0:01:12]} Qc4 {[%emt 0:00:26]} 36. Kf2 {[%emt 0:01:06]} Kg7 {[%emt 0:00:31]} 37. g3 {[%emt 0:00:26]} (37. Qd4 $17 Qa6 38. Qd1) 37... Qb5 {[%emt 0:00:27]} 38. Qd4 {[%emt 0:01:57]} Kg8 {[%emt 0:00:32]} 39. h3 $1 $11 Rc8 {[%emt 0:00:31]} 40. Qd1 {[%emt 0:00:00]} Ra8 $2 {[%emt 0:00:00]} ({Better is} 40... Kg7 $19 41. Kg2 Qc4) 41. g4 $2 {[%emt 0:06:47]} h4 {[%emt 0:08:18]} (41... hxg4 $19 42. hxg4 Rc8) 42. Qd2 {[%emt 0:05:17]} Rc8 {[%emt 0:03:02]} 43. f5 $1 {[%emt 0:02:58]} exf5 {[%emt 0:02:44]} 44. gxf5 {[%emt 0:00:09]} Rc4 {[%emt 0:01:56]} 45. fxg6 {[%emt 0:19:07]} Qb6+ {[%emt 0:01:59]} 46. Kf1 {[%emt 0:00:04]} Qxg6 {[%emt 0:10:54]} 47. Rxa4 $2 {[%emt 0:02:28] [#]} (47. Qg2 $11) 47... Qf5+ $2 {[%emt 0:00:51]} ({Black should try} 47... Re4 $1 $19 48. e6 Rxe6) 48. Kg1 {[%emt 0:00:08]} Rc6 {[%emt 0:01:10]} 49. Ra8+ {[%emt 0:00:36]} Kg7 {[%emt 0:00:21]} 50. e6 $1 {[%emt 0:00:26]} Rxe6 {[%emt 0:01:07]} 51. Qd4+ {[%emt 0:00:03]} Rf6 {[%emt 0:00:31]} 52. Kh2 {[%emt 0:01:04]} Qf2+ {[%emt 0:03:04]} 53. Qxf2 {[%emt 0:00:26]} Rxf2+ {[%emt 0:00:02]} 54. Kg1 {[%emt 0:00:04]} Rc2 {[%emt 0:00:56]} 55. Ra3 {[%emt 0:01:12]} Kg6 {[%emt 0:00:15]} 56. Rb3 {[%emt 0:00:10]} Ra2 {[%emt 0:00:47]} 57. b5 {[%emt 0:00:05]} Ra7 {[%emt 0:00:07]} 58. b6 {[%emt 0:00:48]} Rb7 {[%emt 0:00:01]} 59. Kf2 {[%emt 0:00:04]} Kf5 {[%emt 0:00:24]} 60. Ke3 {[%emt 0:00:04]} Ke5 {[%emt 0:01:00]} 61. Rb5 {[%emt 0:00:04]} Kd6 {[%emt 0:01:20]} 62. Kd4 {[%emt 0:00:45]} Kc6 {[%emt 0:00:02]} 63. Rxd5 {[%emt 0:00:23]} Rxb6 {[%emt 0:01:11]} 64. Rh5 {[%emt 0:01:59]} Rb1 {[%emt 0:00:28]} 65. Rxh4 {[%emt 0:00:09]} Rf1 {[%emt 0:00:15]} 66. Rh6+ {[%emt 0:00:57]} f6 $16 {[%emt 0:00:43]} 67. Rg6 {[%emt 0:00:41]} (67. c4 $16) 67... Rf4+ {[%emt 0:00:15]} 68. Ke3 {[%emt 0:00:06]} Rf1 {[%emt 0:00:37]} 69. Rg3 {[%emt 0:00:14]} Kd5 {[%emt 0:00:11]} 70. Rf3 {[%emt 0:00:18]} Rh1 {[%emt 0:01:01]} 71. Kf4 {[%emt 0:00:03]} Ke6 {[%emt 0:00:15]} 72. Re3+ {[%emt 0:01:08]} Kf7 {[%emt 0:00:38]} 73. Ke4 {[%emt 0:00:27]} Rc1 {[%emt 0:00:36]} 74. Kd4 {[%emt 0:00:59]} f5 {[%emt 0:00:17]} 75. Ke5 {[%emt 0:00:39]} Rf1 {[%emt 0:00:26]} 76. c4 {[%emt 0:00:18]} Rc1 {[%emt 0:00:47]} 77. Kd4 {[%emt 0:00:50]} Kf6 {[%emt 0:00:20]} 78. c5 {[%emt 0:00:09]} Kg5 {[%emt 0:00:41]} 79. Rc3 {[%emt 0:00:27]} Rd1+ {[%emt 0:00:02]} 80. Ke3 {[%emt 0:00:15]} Rh1 {[%emt 0:00:57]} 81. Kf2 {[%emt 0:00:10]} Rh2+ {[%emt 0:00:28]} 82. Kg1 {[%emt 0:00:24]} Rd2 {[%emt 0:00:14]} 83. c6 {[%emt 0:00:04]} Rd8 {[%emt 0:00:05]} 84. c7 {[%emt 0:00:04]} Rc8 {[%emt 0:00:02]} 85. Kg2 {[%emt 0:00:30]} Kf4 {[%emt 0:01:06]} 86. Kf2 {[%emt 0:00:55]} Ke4 {[%emt 0:01:03]} 87. h4 {[%emt 0:00:32]} Kd4 {[%emt 0:00:30]} 88. Rc1 {[%emt 0:00:10]} Ke5 {[%emt 0:00:25]} 89. Kf3 {[%emt 0:00:12]} Kd6 {[%emt 0:00:34]} 90. h5 {[%emt 0:00:29]} Kd7 {[%emt 0:00:33]} 91. h6 {[%emt 0:00:14]} f4 {[%emt 0:00:29]} 92. h7 {[%emt 0:00:25]} Ke7 {[%emt 0:00:32]} 93. h8=Q {[%emt 0:00:27]} Rxh8 {[%emt 0:00:05]} 94. c8=Q {[%emt 0:00:04]} 1-0

[Event "UKR-ch Women Final 2018"]
[Site "Kiev"]
[Date "2018.12.20"]
[Round "9"]
[White "Dolzhykova, Kateryna"]
[Black "Doluhanova, Evgeniya"]
[Result "1/2-1/2"]
[WhiteElo "2161"]
[BlackElo "2367"]
[Annotator "ChessBase"]
[PlyCount "91"]
[EventDate "2018.12.11"]
[EventType "tourn"]
[EventCountry "UKR"]
[SourceTitle "playchess.com"]
[Source "ChessBase"]
[SourceQuality "1"]
[TimeControl "40/5400+30:1800+30"]

1. e4 {[%emt 0:00:00]} c5 {[%emt 0:00:50]} 2. Nf3 {[%emt 0:00:00]} d6 {[%emt 0:00:05]} 3. d4 {[%emt 0:00:52]} cxd4 {[%emt 0:00:32]} 4. Nxd4 {[%emt 0:00:08]} Nf6 {[%emt 0:00:33]} 5. Nc3 {[%emt 0:00:06]} a6 {[%emt 0:00:08]} 6. h3 {[%emt 0:01:19]} e5 {[%emt 0:00:20]} 7. Nb3 {[%emt 0:02:59]} Be6 {[%emt 0:05:31]} 8. g4 {[%emt 0:03:58]} d5 {[%emt 0:08:32]} 9. exd5 {[%emt 0:31:17]} Nxd5 {[%emt 0:00:32]} 10. Bg2 {[%emt 0:00:07]} Nxc3 {[%emt 0:03:32]} 11. Qxd8+ {[%emt 0:00:07]} Kxd8 {[%emt 0:00:04]} 12. bxc3 {[%emt 0:00:06]} Kc7 {[%emt 0:04:43]} 13. f4 {[%emt 0:03:38]} f6 {[%emt 0:02:21]} 14. fxe5 {[%emt 0:05:11]} fxe5 {[%emt 0:01:12]} 15. Na5 {[%emt 0:02:47]} Nc6 {[%emt 0:13:45]} 16. Bxc6 {[%emt 0:00:09]} bxc6 {[%emt 0:00:06]} 17. Rb1 {[%emt 0:00:02]} Rb8 {[%emt 0:29:42]} 18. Rxb8 {[%emt 0:01:41]} Kxb8 {[%emt 0:00:06]} 19. Nxc6+ {[%emt 0:00:28]} Kc7 {[%emt 0:04:03]} 20. Nxe5 {[%emt 0:00:13]} Bxa2 {[%emt 0:03:58]} 21. Be3 {[%emt 0:10:02]} Bd6 {[%emt 0:06:40]} 22. Nd3 {[%emt 0:00:05]} Rf8 {[%emt 0:07:41]} 23. Ke2 {[%emt 0:03:01]} Bc4 {[%emt 0:00:31]} 24. Ra1 {[%emt 0:03:09]} g6 {[%emt 0:00:28]} 25. Ra4 {[%emt 0:00:50]} Bb5 {[%emt 0:00:09]} 26. Re4 {[%emt 0:02:41]} a5 {[%emt 0:01:57]} 27. c4 {[%emt 0:00:43]} Bc6 {[%emt 0:01:35]} 28. Re6 {[%emt 0:03:20]} Re8 {[%emt 0:02:29]} 29. Rf6 {[%emt 0:01:24]} a4 {[%emt 0:01:04]} 30. c5 {[%emt 0:02:05]} Be7 {[%emt 0:00:05]} 31. Rf7 {[%emt 0:00:40]} a3 {[%emt 0:01:11]} 32. Kd2 {[%emt 0:02:45]} a2 {[%emt 0:00:43]} 33. Bd4 {[%emt 0:00:01]} Kc8 {[%emt 0:00:43]} 34. Kc1 {[%emt 0:06:39]} h5 {[%emt 0:00:21]} 35. Kb2 {[%emt 0:01:32]} hxg4 {[%emt 0:00:23]} 36. hxg4 {[%emt 0:00:06]} g5 {[%emt 0:00:43]} 37. Nb4 {[%emt 0:00:58]} Bd7 {[%emt 0:00:16]} 38. Nd5 {[%emt 0:07:08]} Bd8 {[%emt 0:00:30]} 39. Nb6+ {[%emt 0:00:43]} Bxb6 {[%emt 0:00:24]} 40. cxb6 {[%emt 0:00:00]} Re1 {[%emt 0:00:00]} 41. Rf8+ {[%emt 0:10:10]} Re8 {[%emt 0:01:43]} 42. Rf3 {[%emt 0:04:32]} Re4 {[%emt 0:06:37]} 43. Rc3+ {[%emt 0:00:08]} Kb8 {[%emt 0:00:06]} 44. Bc5 {[%emt 0:08:47]} Be6 {[%emt 0:05:43]} 45. Re3 {[%emt 0:02:19]} Rxe3 {[%emt 0:04:47]} 46. Bxe3 {[%emt 0:00:03]} 1/2-1/2